LEADER 01376cam2 22003373 450 001 E600200062441 005 20241202153521.0 100 $a20100330d1975 |||||ita|0103 ba 101 $aita$alat 102 $aIT 200 0 $a2$fPlauto$ga cura di Giuseppe Augello 210 $aTorino$cUnione tipografico-editrice torinese$dstampa 1975 215 $a912 p., [6] c. di tav.$d24 cm 225 2 $aClassici latini$vdir.I.Lana 300 $aContiene: Epidico ; Bacchide ; La commedia del fantasma ; I menecmi, Il soldato faraone ; Il mercante ; Pseudolo 300 $aTesto originale a fronte 410 1$1001LAEC00016081$12001 $a*Classici latini$vdir.I.Lana 461 1$1001E600200062432$12000 $a<>Commedie / Plauto 700 1$aPlautus$b, Titus Maccius$3A600200032000$4070$0166580 702 1$aAugello, Giuseppe$3A600200060712$4070 801 0$aIT$bUNISOB$c20241202$gRICA 850 $aUNISOB 852 $aUNISOB$j870|Coll|2|K$m24687 852 $aUNISOB$j870|Coll|2|K$m42825 912 $aE600200062441 940 $aM 102 Monografia moderna SBN 941 $aW 957 $a870|Coll|2|K$b000030$i-2$gSi$d24687$racquisto$1catenacci$2UNISOB$3UNISOB$420100330073309.0$520241202095915.0$6rovito 957 $a870|Coll|2|K$b000030$i-2 b$gSI$d42825$1rovito$2UNISOB$3UNISOB$420241202090743.0$520241202090821.0$6rovito 996 $a2$91631266 997 $aUNISOB